Dnes teda trochu lingvistiky

Bibliographic Details
Main Author: Vozár, Martin (Author)
Format: Article
Language:Slovak
Subjects:

MARC

LEADER 00000nab a2200000 a 4500
001 vtls000381119
003 SK-MaSNL
005 20260311225105.0
008 160115c1990 xo 0 slo
015 |a SNBRB19rr/mm-uuuuu 
035 |a CL0381241 
040 |a SNKBUCL  |b slo  |c SNKBUCL  |e AACR2 
041 0 |a slo 
044 |a xo  |c SK 
080 |a 323.1(437):801  |2 1981 
080 |a 801  |2 1981 
100 1 |a Vozár, Martin  |4 aut  |9 372943 
245 1 0 |a Dnes teda trochu lingvistiky  |c Martin Vozár 
650 0 7 |a vzťahy národnostné  |2 snkbucl  |9 923221 
651 7 |a Československo  |2 snkbucl  |9 21376 
655 7 |a články z novín a časopisov  |2 snkbucl  |9 267496 
773 0 |t Zmena  |g Roč. 2, č. 34 (1990), s. 7 
850 |a Slovenská národná knižnica v Martine  |a MTA001 
852 |a SNK  |b KIS3GCP 
958 |a RK 
992 |a RBX 
999 |c 3264792  |d 3266722